| 000 | 00508 a2200169 4500 | ||
|---|---|---|---|
| 003 | NUST | ||
| 005 | 20251022114853.0 | ||
| 040 | _cNust | ||
| 082 | _a621.382,KHA | ||
| 100 |
_aKhalid, GC Usman (TE-42) _9131403 |
||
| 245 |
_aData transmission through sound waves using CDMA Technique / _cGC Usman Khalid, GC Bilal Khan, PC Fazeel Awan and CSM Aamir Fayyaz (TE-42) |
||
| 260 |
_aRawalpindi _bMCS _c2009 |
||
| 300 | _a72 p; | ||
| 650 |
_aUG Projects _998716 |
||
| 651 |
_aTE-42 _9131404 |
||
| 942 |
_cPR _2ddc |
||
| 999 |
_c184027 _d184027 |
||